| 000 | 00709nam a22001937a 4500 | ||
|---|---|---|---|
| 005 | 20180417105106.0 | ||
| 010 | _aENG-122635 | ||
| 020 |
_c850.00 _a9789386446145 |
||
| 035 | _aEN-106167 | ||
| 037 | _bDBAD/PUB | ||
| 082 | _a363.90954 | ||
| 100 | _aSrinivasan,Krishnamurthy | ||
| 245 |
_aPopulation concerns in india: _cby Nirmali Goswami [and] Meenakshi Thapan _bShifting trends,policies and programs / |
||
| 260 |
_c2017 _aNew Delhi _bSage Publications India Ltd. |
||
| 270 |
_aB1/1-1 Mohan Cooperative Industrial Area,Mathura Road, _bNew Delhi _e110044 _mwww.sagepub.in |
||
| 300 |
_c22cm(Hb) _a293P. |
||
| 500 | _aIt includes bibliographic index | ||
| 942 |
_cEN _2ddc _mSRI _h363.90954 |
||
| 999 |
_c151277 _d151277 |
||